000 00294nam a22001337a 4500
008 171031b xxu||||| |||| 00| 0 eng d
020 _a9780132555807
041 _aeng
080 _26TH
_a33
100 _a59
101 _aBUS
245 _aINTERNATIONAL BUSINESS
_cWILD,J,J
942 _2udc
_cBK
999 _c36834
_d36834